000
00275nam a22001337a 4500
020
_a
978-93-85188-17-6
082
_a
474
_b
PRE/G
100
_a
PREMCHAND
245
_a
GABAN
260
_a
DELHI
_b
KAMAL PRAKASHAN
300
_a
232
650
_a
HINDI STORY
_z
INDIA
942
_c
BK
999
_c
6959
_d
6959